LEADER 01764nam0 22003613i 450 001 IEI0123210 005 20251003044159.0 100 $a19980907d1981 ||||0itac50 ba 101 | $aita 102 $ait 181 1$6z01$ai $bxxxe 182 1$6z01$an 200 1 $aViaggio per la Capitanata$fFrancesco Longano$gintroduzione e note di Renato Lalli 210 $aCampobasso$cRufus$dc1981 215 $a151 p.$d24 cm 300 $aTit. dell'edizione originale: Viaggi dell'Ab. Longano per lo Regno di Napoli, Vol. 2, La Capitanata, pubblicato a Napoli, Domenico Sangiacomo, 1790. 500 10$aViaggio dell'Ab. Longano per lo Regno di Napoli$3IEI0123213$92902004 606 $aCAPITANATA$xDescrizioni e viaggi$2FIR$3NAPC004709$9I 676 $a914.5719$9$v21 676 $a914.57504928$9GEOGRAFIA E VIAGGI. PUGLIA. Viaggi. 1980-1989$v23 696 $aViaggi$aDescrizioni 699 $aDescrizioni e viaggi$xViaggi$xDescrizioni 700 1$aLongano$b, Francesco$3CFIV108841$4070$0325844 702 1$aLalli$b, Renato$3CFIV060401 790 1$aLungano$b, Francesco$3SBNV026245$zLongano, Francesco 801 3$aIT$bIT-000000$c19980907 850 $aIT-BN0095 $aIT-CE0060 901 $bNAP 01$cPOZZO LIB.$nVi sono collocati fondi di economia, periodici di ingegneria e scienze, periodici di economia e statistica e altri fondi comprendenti documenti di economia pervenuti in dono. 912 $aIEI0123210 950 0$aBiblioteca Centralizzata di Ateneo$c1 v.$d 01POZZO LIB.ECON MON 6917$e 0101 0700190995E VMA 1 v. (Precedente collocazione 19 EC 099)$fB $h20220725$i20220725 977 $a 01$a AS 996 $aViaggio dell'Ab. Longano per lo Regno di Napoli$92902004 997 $aUNISANNIO